Jusqu'où irez vous ? #7 (Citations) - Statistiques

Statistiques générales
  • Ce quiz a été pris 112 fois
  • Le résultat moyen est 25 sur 60
Statistiques - réponses
Hint Réponse % Correct
Jean-Luc Mélenchon a dit :"Gare à qui s'en prendrait à la France si je dirige le pays. La réplique militaire sera .... ! C_UE_LE RL
100%
Jeff Bezos a dit :"Observez les ..., pas les concurrents." C_IE_TS LN
90%
Ray Kroc a dit :"Si vous avez du temps pour vous reposer, vous avez du temps pour ... _ETTO_ER NY
83%
Anatole France a dit : "Une jolie tête ? C'est comme si vous décidiez d'après le bouchon de la ... _OU_EILLE BT
82%
Elisabeth Badinter a dit :"Il faut apprendre à lire, et résister au politiquement ... _ORRE_T CC
82%
Keanu Reeves a dit :"Je suis Mickey Mouse. Ils ne savent pas qui est à l'intérieur du ..." _OS_UME CT
82%
Machiavel a dit : "L'affection du peuple est la seule ressource qu'un prince puisse trouver dans l'... A_ _ERSITE DV
74%
Mark Twain a dit : "Si vous voulez changer le futur, vous devez changer ce que vous faites dans le _RE_ENT
PS
74%
Jules Renard a dit : "Si la girouette pouvait parler, elle dirait qu'elle dirige le ... _ _NT VE
72%
Frédéric Beigbeder a dit :"Un fêtard qui tombe amoureux, c'est quelqu'un qui tourne la ... P_ _E AG
57%
Warren Buffett a dit : "Les riches investissent dans le temps, les pauvres investissent dans l'... A_ _ENT RG
57%
Roger Fournier a dit :"Le moment précis où l'on devient ridicule nous échappe ... _OU_OURS TJ
57%
Tom Shadyac a dit :"La vraie beauté est intérieure. - C'est ce que disent tous les gens ... ! _OC_ES MH
54%
Louis Jouvet a dit :"Dans la vie, il faut en avoir où je pense, et de préférence les SIE_ _ ES NN
54%
Francesco Alberoni a dit :" La créativité est faite d'attention et de respect pour les petits faits de la ... _ _ E VI
54%
Lewis Hamilton a dit : "Courir en Formule 1 avec McLaren a été mon objectif ultime. C'est un rêve devenu ... RE_ _ITE AL
53%
Jules Renard a dit :"La femme parle toujours de son âge et ne le dit ... _A_AIS JM
53%
Tahar Ben Jelloun a dit :"La jalousie est plus qu'une maladie, c'est une ... MA_E_ICTION LD
53%
Mylène Farmer a dit : "Nos vies qui s'écoulent chaque jour saignent. Nous ne sommes reliés qu'à nous-... _E_E MM
53%
Valérie Benaïm a dit :"Rien n'est plus étranger à la femme que la ... _OR_ MT
53%
Leonard Cohen a dit :"Chaque fois que j'atteins le fond du désespoir, je commence à ... _OU_IRE SR
53%
William Shakespeare a dit : "Ayez plus que vous ne montrez, Parlez moins que vous ne ... SA_E_ VZ
53%
Gandhi a dit :"Haïssez le péché, aimez le ... PE_ _EUR CH
49%
René Barjavel a dit :"La terre est une graine en train de ... _ER_ER GM
49%
Blaise Cendrars a dit :'"L'univers est une digestion. Vivre est une action ... MA_I_UE GQ
49%
Lamartine a dit :"Aimons donc, aimons donc ! de l'heure fugitive, Hâtons-nous, .... ! _OUI_SONS JS
49%
Pascal Bruckner a dit :"La plus belle femme du monde ne remplacera jamais un bon ...
BAN_UE_
QT
49%
Amedeo Modigliani a dit :"Le bonheur est un ange avec un visage ... SE_IEU_ RX
49%
William Shakespeare a dit :"Petite acclamation et grand accueil font un joyeux ... FE_ _IN ST
49%
Ayrton Senna a dit :"Le passé n'est que des données. Je ne vois que l'... A_E_IR VN
49%
Albert Dupontel a dit :"Ce qui est embêtant dans les oiseaux, c'est les ... _E_S BC
42%
Bruno Le Maire a dit :" Je fais un coup de chapeau à tous les parlementaires qui ont voté pour cette transformation de la ... S_ _F NC
36%
Jean-François Paul De Gondi a dit :"Il faut souvent changer d'opinion pour être toujours de son ... P_ _TI AR
31%
Kevin Spacey a dit :"Parfois, la personne la plus logique est celle que nous appelons ... _O_LE FL
31%
Martin Gray a dit :"L'homme n'est rien quand son coeur est ... _ I_E VD
31%
Edmond Et Jules De Goncourt ont dit :"Je n'ai jamais vu un imbécile être cynique : il ne peut être qu'.... O_ _CENE BS
29%
Joseph Joubert a dit :"La liberté est un tyran qui est gouverné par ses ... _A_RICES CP
29%
Jacques Prévert a dit :"Les sorciers, lorsqu'ils font de terrifiantes conneries, on accuse toujours l'... A_ _RENTI PP
29%
Gustave Le Bon a dit :"Beaucoup d'hommes sont doués de raison, très peu de bon ... _ _NS SE
29%
Romain Rolland a dit :"Agir, c'est ... _ _OIRE CR
26%
Marilyn Manson a dit :"Je trouve choquant que ce soit plus facile d'acheter une arme à feu chez Wal-Mart que d'acheter mon ... _IS_UE DQ
26%
Hélène Rioux a dit :"L'amour humain n'est pas à la mesure des rêves de l'... E_ _ANT NF
26%
Démophile a dit :"On n'est pas libre lorsqu'on n'est pas maître de ... S_ _ OI
26%
Natalie Portman a dit :"Tout le monde rêve de vivre à ... _A_IS PR
26%
Francis Picabia a dit :"La morale est mal disposée dans un ... PAN_A_ON TL
26%
Benjamin Disraeli a dit :"Quand je veux lire un livre, j'en écris .. _ _ UN
26%
Donald Trump a dit :"Le Mexique envoie "de la drogue et des ..." aux Etats-Unis _I_LEURS VO
26%
Jacques Dutronc a dit :"La cravate, c'est le passeport des ... _ _NS CO
25%
Alain Afflelou a dit :"La vente en ligne de lunettes, c'est un ... _LO_ FP
21%
François Cavanna a dit :"Mon chien est athée : il ne croit plus en ... _O_ MI
19%
Jonathan Littell a dit :"Les bourreaux ne parlent pas ; ils n'ont pas de ... PAR_ _ES OL
19%
Catherine Deneuve a dit :"Très longtemps, je me suis sentie comme un ... _OM_IE. ZB
19%
Pierre-Augustin Caron De Beaumarchais a dit :"L'usage est souvent un ... A_ _S BU
17%
Emily Dickinson a dit : "L'herbe a si peu de choses à faire que je voudrais être du ... _O_N FI
15%
Miley Cyrus a dit :"La vie est une montée. Mais la vue est ... SU_ER_E PB
15%
Marguerite Duras a dit :"On ne trouve pas la solitude, on la ... _ _IT FA
14%
Épicure a dit :"Chez la plupart des hommes, le calme est léthargie, l'émotion ... _U_EUR FR
14%
Frédéric Dard a dit :"L'honneur, c'est comme les coquilles Saint-Jacques : bien ...., ça ressert." _A_E LV
14%
Francis Picabia a dit : "L'humour avale des hommes comme des ... _OU_ES ML
14%
John Ruskin a dit :"Les plus belles choses de ce monde sont les plus inutiles : par exemple les paons et les ... _Y_ LS
13%
Aucun quiz correspondant
Distribution des résultats
% des personnes avec chaque résultat
Percentile par nombre de réponses
Votre historique - résultats
Vous n’avez pas pris ce quiz